| 000 | 00724nam a2200229 4500 | ||
|---|---|---|---|
| 003 | OSt | ||
| 005 | 20260530113847.0 | ||
| 008 | 260417b1980 sp |||| |||| 00| 0 spa d | ||
| 020 | _a8425209706 | ||
| 040 |
_aICI _bspa _cICI |
||
| 050 |
_aHM221.5 _bE54 |
||
| 100 | 1 |
_aDavid y Ruth Elliot _d1943 _930839 |
|
| 245 | 1 | 3 |
_aEl control popular de la tecnología _cDavid y Ruth elliott ; version castellana de Carlos Gómez González |
| 264 | 1 |
_bGustavo Gili, _c1980 _aBarcelona |
|
| 300 | _a337 páginas | ||
| 336 |
_atexto _2rdacontent |
||
| 337 |
_asin medio _2rdamedia |
||
| 338 |
_avolumen _2rdacarrier |
||
| 490 | _aColección Tecnología y sociedad | ||
| 650 | 4 |
_a Tecnología _v Aspectos sociales _930840 |
|
| 942 |
_2ddc _cBK |
||
| 999 |
_c11329 _d11329 |
||